Kinh thành Thăng Long - Hà Nội quá trình hình thành và phát triển (thế kỷ XI - đầu XIX)

Điều kiện tự nhiên - kinh tế - xã hội - nguồn gốc lịch sử và tên gọi từ Thăng Long đến Hà Nội (thế kỷ XI - XIX)...

Đã lưu trong:
Chi tiết về thư mục
Tác giả chính: Nguyễn. Thị Bích Hợp (Tác giả)
Tác giả khác: Nguyễn Cảnh Minh PGS.PTS. (Người hướng dẫn)
Định dạng: Sách
Ngôn ngữ:Vietnamese
Được phát hành: Hà Nội ĐH Sư phạm Hà Nội 1999
Loạt:Khóa luận tốt nghiệp. Chuyên ngành: Lịch sử Việt Nam cổ - trung đại
Những chủ đề:
Các nhãn: Thêm thẻ
Không có thẻ, Là người đầu tiên thẻ bản ghi này!
Thư viện lưu trữ: Mạng thư viện Đại học Đà Nẵng
LEADER 01491nam a2200349 4500
001 000012730
003 9044
005 20120228070225.0
008 120228s1999 viesd
041 |a vie 
072 |a Khóa luận tốt nghiệp 
082 |a 959.731  |b NG-H 
100 |a Nguyễn. Thị Bích Hợp  |e Tác giả 
245 |a Kinh thành Thăng Long - Hà Nội quá trình hình thành và phát triển (thế kỷ XI - đầu XIX)  |c Nguyễn. Thị Bích Hợp 
260 |a Hà Nội  |b ĐH Sư phạm Hà Nội  |c 1999 
300 |a 75 tr  |c 29 cm 
490 |a Khóa luận tốt nghiệp. Chuyên ngành: Lịch sử Việt Nam cổ - trung đại 
500 |a Khoa Lịch sử 
520 |a Điều kiện tự nhiên - kinh tế - xã hội - nguồn gốc lịch sử và tên gọi từ Thăng Long đến Hà Nội (thế kỷ XI - XIX)... 
653 |a Thăng Long - Hà Nội 
653 |a Thế kỷ XI - XIX 
700 |a Nguyễn Cảnh Minh  |c PGS.PTS.  |e Người hướng dẫn 
OWN |a LSP 
AVA |a UDN50  |b LSP  |d 959.731 NG-H  |e available  |t Error 5001 Not defined in file expand_doc_bib_avail.  |f 1  |g 0  |h N  |i 0  |k 1 
999 |a From the UDN01 
AVA |a UDN50  |b LSP  |d 959.731 NG-H  |e available  |t Error 5001 Not defined in file expand_doc_bib_avail.  |f 1  |g 0  |h N  |i 0  |k 1 
TYP |a Monograph 
TYP |a Printed language 
980 |a Mạng thư viện Đại học Đà Nẵng